[Event "3FoglarGM_A"]
[Site "?"]
[Date "2007.??.??"]
[Round "?"]
[White "Horvath, Alexander"]
[Black "Staniszewski, Jerzy"]
[Result "1/2-1/2"]
[WhiteElo "2421"]
[BlackElo "2400"]
[PlyCount "116"]
[EventDate "2007.??.??"]

1. e4 c5 2. Nf3 Nc6 3. Nc3 e6 4. d4 cxd4 5. Nxd4 Qc7 6. Be2 a6 7. O-O Nf6 8.
Be3 Bb4 9. Na4 O-O 10. Nxc6 bxc6 11. Nb6 Rb8 12. Nxc8 Rfxc8 13. Bxa6 Rd8 14.
Bd3 Bd6 15. Kh1 Be5 16. c3 Rxb2 17. Qc1 Ng4 18. f4 Nxe3 19. Qxb2 Bxf4 20. Qf2
Nxf1 21. Rxf1 g5 22. g3 Qd6 23. Be2 Be5 24. Qxf7+ Kh8 25. Rd1 Qc7 26. Bg4 d5
27. Qxe6 Bxc3 28. exd5 cxd5 29. Rxd5 Qb7 30. Bf3 Qb1+ 31. Bd1 Qb7 32. Bb3 Kg7
33. h4 Bf6 34. h5 Rxd5 35. Bxd5 Qe7 36. Kg2 Qxe6 37. Bxe6 h6 38. Kf3 Be7 39.
Ke4 Bd6 40. g4 Kf6 41. Kd5 Ba3 42. Bf5 Ke7 43. Kc4 Kd6 44. Kd4 Bb2+ 45. Ke4 Ba3
46. Bc8 Ke7 47. Kf5 Kf7 48. Be6+ Kg7 49. Bb3 Bc1 50. a4 Bd2 51. Ke6 Be1 52. Ke5
Bd2 53. Kd5 Kf7 54. Kd6+ Kf6 55. Bd5 Be1 56. Kc6 Ke7 57. Bf3 Ke8 58. Kb6 Bf2+
1/2-1/2

[Event "3FoglarGM_A"]
[Site "?"]
[Date "2007.??.??"]
[Round "?"]
[White "Conttegnie, Francis"]
[Black "Standke, Wolfgang"]
[Result "1/2-1/2"]
[WhiteElo "2398"]
[BlackElo "2523"]
[PlyCount "52"]
[EventDate "2007.??.??"]

1. d4 Nf6 2. Nf3 g6 3. c4 Bg7 4. Nc3 O-O 5. e4 d6 6. Be2 e5 7. O-O Nc6 8. d5
Ne7 9. Ne1 Nd7 10. Be3 f5 11. f3 f4 12. Bf2 g5 13. Rc1 Ng6 14. c5 Nxc5 15. b4
Na6 16. Nb5 Bd7 17. Nxa7 Rf7 18. Bxa6 bxa6 19. Qe2 h5 20. Qxa6 g4 21. Rc2 Bf6
22. Qb7 gxf3 23. Nxf3 Rb8 24. Qxc7 Qxc7 25. Rxc7 Rxb4 26. Nc8 Bd8 1/2-1/2

[Event "3FoglarGM_A"]
[Site "?"]
[Date "2007.??.??"]
[Round "?"]
[White "Mrkvicka, Josef"]
[Black "Morais, Gustavo"]
[Result "1/2-1/2"]
[WhiteElo "2488"]
[BlackElo "2376"]
[PlyCount "69"]
[EventDate "2007.??.??"]

1. e4 c5 2. Nf3 d6 3. d4 cxd4 4. Nxd4 Nf6 5. Nc3 a6 6. Be3 Ng4 7. Bc1 Nf6 8. f3
Nc6 9. Be3 e6 10. Qd2 Be7 11. g4 O-O 12. O-O-O Nxd4 13. Bxd4 Nd7 14. h4 b5 15.
g5 b4 16. Na4 Qa5 17. b3 Nc5 18. Bxc5 dxc5 19. Qf4 Ra7 20. Kb1 Rd7 21. Rxd7
Bxd7 22. Nb2 Bb5 23. Bc4 Qd8 24. Rd1 Qb8 25. Qxb8 Rxb8 26. Bxb5 axb5 27. Rd7
Kf8 28. Nd3 Ke8 29. Ra7 Bd6 30. Ra6 Kd7 31. f4 Kc7 32. Kb2 Be7 33. Ra7+ Rb7 34.
Ra8 Rb8 35. Ra7+ 1/2-1/2

[Event "3FoglarGM_A"]
[Site "?"]
[Date "2007.??.??"]
[Round "?"]
[White "Bortolin, Bruno"]
[Black "Morais, Gustavo"]
[Result "1/2-1/2"]
[WhiteElo "2398"]
[BlackElo "2376"]
[PlyCount "102"]
[EventDate "2007.??.??"]

1. d4 Nf6 2. c4 e6 3. g3 d5 4. Bg2 dxc4 5. Nf3 Nc6 6. Qa4 Bb4+ 7. Bd2 Nd5 8.
Bxb4 Ndxb4 9. O-O Rb8 10. Nc3 a6 11. Ne5 O-O 12. Nxc6 Nxc6 13. Bxc6 bxc6 14.
Qxc4 Qd6 15. a3 Rxb2 16. Na4 Rb5 17. f4 Bd7 18. Nc5 a5 19. e4 Rd8 20. Rfd1 Be8
21. Rac1 Rdb8 22. Rc2 R8b6 23. Kg2 h6 24. h3 Rb8 25. Rf2 Kh7 26. Rdd2 R5b6 27.
Kh2 Rb1 28. Qd3 Kg8 29. Rf1 R1b2 30. g4 R8b5 31. Rxb2 Rxb2+ 32. Kg3 f6 33. Qc3
Rb5 34. e5 Qd5 35. exf6 gxf6 36. Qe3 Bf7 37. Kh4 Kg7 38. Re1 Rb8 39. Nxe6+ Kg8
40. Nxc7 Qd6 41. Ne6 a4 42. Nc5 Re8 43. Ne4 Qd8 44. Kg3 Kg7 45. Qc3 Qd5 46. Qd3
h5 47. Re3 c5 48. Nc3 Qh1 49. Rxe8 Bxe8 50. Qb1 Qxb1 51. Nxb1 cxd4 1/2-1/2

[Event "3FoglarGM_A"]
[Site "?"]
[Date "2007.??.??"]
[Round "?"]
[White "Daubenfeld, Nico"]
[Black "Nyvlt, Zdenek"]
[Result "1/2-1/2"]
[WhiteElo "2400"]
[BlackElo "2459"]
[PlyCount "47"]
[EventDate "2007.??.??"]

1. e4 c5 2. Nf3 d6 3. d4 cxd4 4. Nxd4 Nf6 5. Nc3 a6 6. Bg5 e6 7. f4 Qc7 8. Qf3
Nbd7 9. O-O-O b5 10. e5 Bb7 11. Qh3 dxe5 12. Nxe6 fxe6 13. Qxe6+ Be7 14. Bxb5
axb5 15. Nxb5 Qb6 16. Nd6+ Kd8 17. Bxf6 Bxf6 18. Nf7+ Kc8 19. Rd6 Qb5 20. c4
Qa4 21. Rhd1 Be4 22. R1d2 Ra7 23. Rb6 Qxa2 24. Nd6+ 1/2-1/2

[Event "3FoglarGM_A"]
[Site "?"]
[Date "2007.??.??"]
[Round "?"]
[White "Nyvlt, Zdenek"]
[Black "Conttegnie, Francis"]
[Result "1/2-1/2"]
[WhiteElo "2459"]
[BlackElo "2398"]
[PlyCount "46"]
[EventDate "2007.??.??"]

1. Nf3 Nf6 2. g3 d5 3. Bg2 c6 4. O-O Bg4 5. d3 Nbd7 6. h3 Bxf3 7. Bxf3 e6 8.
Bg2 Bd6 9. e4 O-O 10. Be3 dxe4 11. dxe4 Qc7 12. Nd2 Bc5 13. Bxc5 Nxc5 14. b4
Ncd7 15. Qe2 Rfd8 16. Nc4 Ne5 17. Ne3 a5 18. b5 Qb6 19. bxc6 bxc6 20. Rfe1 h5
21. f4 Ng6 22. e5 Nd5 23. c4 Qxe3+ 1/2-1/2

[Event "3FoglarGM_A"]
[Site "?"]
[Date "2007.??.??"]
[Round "?"]
[White "Staniszewski, Jerzy"]
[Black "Conttegnie, Francis"]
[Result "1/2-1/2"]
[WhiteElo "2400"]
[BlackElo "2398"]
[PlyCount "58"]
[EventDate "2007.??.??"]

1. d4 d5 2. c4 dxc4 3. Nf3 Nf6 4. e3 a6 5. Bxc4 e6 6. O-O c5 7. Bb3 cxd4 8.
exd4 Nc6 9. Nc3 Be7 10. Re1 O-O 11. a3 Na5 12. Bc2 b5 13. d5 Re8 14. Qd3 g6 15.
b4 Nc4 16. dxe6 Bxe6 17. Nd4 Bd5 18. Bh6 Qd7 19. Nxd5 Qxd5 20. Nf3 Qxd3 21.
Bxd3 Bf8 22. Bxf8 Kxf8 23. Bxc4 bxc4 24. Rxe8+ Rxe8 25. Rc1 Rd8 26. Ne5 c3 27.
Nc4 Ne4 28. Ne3 Rc8 29. f3 Ng5 1/2-1/2

[Event "3FoglarGM_A"]
[Site "?"]
[Date "2007.??.??"]
[Round "?"]
[White "Horvath, Alexander"]
[Black "Sykora, Josef"]
[Result "1-0"]
[WhiteElo "2421"]
[BlackElo "2375"]
[PlyCount "85"]
[EventDate "2007.??.??"]

1. e4 c5 2. Nf3 d6 3. d4 cxd4 4. Nxd4 Nf6 5. Nc3 a6 6. Be3 e6 7. g4 h6 8. Bg2
Nc6 9. h3 Ne5 10. Qe2 g5 11. O-O-O Bd7 12. f4 gxf4 13. Bxf4 Rc8 14. Nf3 Qc7 15.
Nxe5 dxe5 16. Bg3 b5 17. Bh4 Nh7 18. Rd3 Ng5 19. Rhd1 Rd8 20. a3 Be7 21. Bf2 f6
22. h4 Nf7 23. Be3 Bc6 24. Rxd8+ Bxd8 25. Qf2 Nd6 26. Kb1 Rh7 27. Qg3 Nc4 28.
Bc1 Qe7 29. Bf3 Bb6 30. g5 hxg5 31. hxg5 fxg5 32. b3 Ne3 33. Rd3 g4 34. Bxe3
Bxe3 35. Rxe3 gxf3 36. Rxf3 Rf7 37. Rd3 Qc7 38. Kb2 a5 39. Qg8+ Ke7 40. Rh3 Kd6
41. b4 a4 42. Rh2 Ke7 43. Qxf7+ 1-0

[Event "3FoglarGM_A"]
[Site "?"]
[Date "2007.??.??"]
[Round "?"]
[White "Conttegnie, Francis"]
[Black "Poulheim, Karl-Friedrich"]
[Result "1/2-1/2"]
[WhiteElo "2398"]
[BlackElo "2404"]
[PlyCount "50"]
[EventDate "2007.??.??"]

1. d4 Nf6 2. Nf3 d5 3. c4 c6 4. e3 e6 5. Bd3 Nbd7 6. O-O Bd6 7. Nbd2 O-O 8. e4
e5 9. cxd5 cxd5 10. exd5 exd4 11. Ne4 Ne5 12. Bg5 Bg4 13. Be2 Bxf3 14. Bxf3 Be7
15. d6 Bxd6 16. Nxf6+ gxf6 17. Bh6 Re8 18. Bxb7 Rb8 19. Bc6 Re6 20. Bd5 Re8 21.
f4 Bf8 22. fxe5 Qxd5 23. Bxf8 Rxf8 24. exf6 Kh8 25. b3 d3 1/2-1/2

[Event "3FoglarGM_A"]
[Site "?"]
[Date "2007.??.??"]
[Round "?"]
[White "Bortolin, Bruno"]
[Black "Sykora, Josef"]
[Result "1/2-1/2"]
[WhiteElo "2398"]
[BlackElo "2375"]
[PlyCount "88"]
[EventDate "2007.??.??"]

1. d4 d5 2. c4 c6 3. Nf3 e6 4. Nc3 Nf6 5. e3 Nbd7 6. Bd3 dxc4 7. Bxc4 b5 8. Bd3
Bb7 9. O-O a6 10. e4 c5 11. d5 Qc7 12. dxe6 fxe6 13. Bc2 c4 14. Ng5 Nc5 15. Be3
h6 16. Nf3 Rd8 17. Qe2 Nd3 18. Rad1 Bb4 19. Nd4 Kf7 20. Bxd3 cxd3 21. Rxd3 e5
22. Nf5 Rxd3 23. Qxd3 Rd8 24. Nd5 Bxd5 25. exd5 Rxd5 26. Qe2 e4 27. a3 Bf8 28.
Rc1 Qd7 29. Ng3 Bd6 30. Re1 Be5 31. Bc1 Rd4 32. b4 Bxg3 33. hxg3 Rd3 34. f3 Qd5
35. fxe4 Qxe4 36. Qxe4 Nxe4 37. Rxe4 Rd1+ 38. Kf2 Rxc1 39. g4 Kf6 40. Re3 Rc2+
41. Kg3 Rd2 42. Kf3 Ra2 43. Kg3 Rc2 44. Kf3 Ra2 1/2-1/2

[Event "3FoglarGM_A"]
[Site "?"]
[Date "2007.??.??"]
[Round "?"]
[White "Daubenfeld, Nico"]
[Black "Mrkvicka, Josef"]
[Result "1/2-1/2"]
[WhiteElo "2400"]
[BlackElo "2488"]
[PlyCount "57"]
[EventDate "2007.??.??"]

1. e4 c5 2. Nf3 d6 3. d4 cxd4 4. Nxd4 Nf6 5. Nc3 a6 6. Bg5 e6 7. f4 Qb6 8. Qd2
Qxb2 9. Rb1 Qa3 10. f5 Nc6 11. fxe6 fxe6 12. Nxc6 bxc6 13. Be2 Be7 14. O-O O-O
15. Rb3 Qc5+ 16. Be3 Qe5 17. Bf4 Qc5+ 18. Kh1 Ng4 19. h3 e5 20. Na4 Qa7 21.
Bc4+ Kh8 22. hxg4 exf4 23. Nb6 d5 24. exd5 cxd5 25. Bxd5 Rb8 26. Nxc8 Rbxc8 27.
Rxf4 Rxf4 28. Qxf4 Rf8 29. Qe5 1/2-1/2

[Event "3FoglarGM_A"]
[Site "?"]
[Date "2007.??.??"]
[Round "?"]
[White "Standke, Wolfgang"]
[Black "Bortolin, Bruno"]
[Result "1-0"]
[WhiteElo "2523"]
[BlackElo "2398"]
[PlyCount "57"]
[EventDate "2007.??.??"]

1. d4 f5 2. g3 Nf6 3. Bg2 e6 4. c4 Bb4+ 5. Nd2 a5 6. Nh3 Nc6 7. d5 Ne5 8. Qc2
O-O 9. O-O Qe7 10. a3 Bd6 11. e4 Bc5 12. dxe6 dxe6 13. exf5 a4 14. b4 axb3 15.
Nxb3 exf5 16. Nf4 Ba7 17. Bb2 Ng6 18. Nd5 Nxd5 19. Bxd5+ Kh8 20. Rae1 Qg5 21.
Qc3 Qh6 22. c5 c6 23. Bg2 f4 24. Re4 Bf5 25. Ra4 Bd7 26. Re1 Rg8 27. Ra5 Bg4
28. Nd4 Rgf8 29. Ne6 1-0

[Event "3FoglarGM_A"]
[Site "?"]
[Date "2007.??.??"]
[Round "?"]
[White "Sykora, Josef"]
[Black "Daubenfeld, Nico"]
[Result "1/2-1/2"]
[WhiteElo "2375"]
[BlackElo "2400"]
[PlyCount "61"]
[EventDate "2007.??.??"]

1. c4 e5 2. Nc3 Nf6 3. Nf3 Nc6 4. g3 d5 5. cxd5 Nxd5 6. Bg2 Nb6 7. O-O Be7 8.
a3 O-O 9. b4 Be6 10. Rb1 f6 11. d3 Nd4 12. Nd2 c6 13. Nde4 Bg4 14. Be3 a5 15.
h3 Bh5 16. bxa5 Rxa5 17. Bxd4 exd4 18. Qb3+ Rf7 19. Qxb6 Qxb6 20. Rxb6 dxc3 21.
Nxc3 Rxa3 22. g4 Bc5 23. Rbb1 Bg6 24. Rfc1 Bf8 25. Be4 Rd7 26. Bxg6 hxg6 27.
Ne4 Ra6 28. Kg2 Kf7 29. f4 b5 30. Kf3 Be7 31. Nc5 1/2-1/2

[Event "3FoglarGM_A"]
[Site "?"]
[Date "2007.??.??"]
[Round "?"]
[White "Morais, Gustavo"]
[Black "Daubenfeld, Nico"]
[Result "0-1"]
[WhiteElo "2376"]
[BlackElo "2400"]
[PlyCount "70"]
[EventDate "2007.??.??"]

1. e4 c5 2. Nf3 d6 3. d4 cxd4 4. Nxd4 Nf6 5. Nc3 a6 6. Be2 e5 7. Nb3 Be7 8. O-O
O-O 9. Be3 Be6 10. Qd2 Nbd7 11. f4 b5 12. a4 b4 13. Nd5 Nxe4 14. Nxe7+ Qxe7 15.
Qxb4 Bxb3 16. Qxb3 Ndf6 17. Qd3 Rab8 18. fxe5 dxe5 19. c3 Rxb2 20. Rfe1 Rd8 21.
Qc4 g6 22. a5 Kg7 23. Bf1 Rd6 24. Qc8 Nd2 25. Bxa6 Nd5 26. Bd4 Re6 27. Bf2 Nf4
28. Bc5 Rd6 29. Qg4 Qf6 30. Bb7 h5 31. Bxd6 Qxd6 32. Qg3 h4 33. Qe3 Nc4 34. Qf3
h3 35. gxh3 Qd2 0-1

[Event "3FoglarGM_A"]
[Site "?"]
[Date "2007.??.??"]
[Round "?"]
[White "Standke, Wolfgang"]
[Black "Daubenfeld, Nico"]
[Result "1/2-1/2"]
[WhiteElo "2523"]
[BlackElo "2400"]
[PlyCount "51"]
[EventDate "2007.??.??"]

1. d4 Nf6 2. c4 e6 3. g3 d5 4. Bg2 Be7 5. Nf3 O-O 6. O-O dxc4 7. Qc2 Nc6 8.
Qxc4 Qd5 9. Qd3 Nb4 10. Qd1 Rd8 11. Nc3 Qc4 12. Bd2 c5 13. b3 Qa6 14. dxc5 Bxc5
15. a3 Nbd5 16. Qc2 Be7 17. Ne5 Bd7 18. Nxd5 Nxd5 19. e4 Rac8 20. Qb2 Nf6 21.
Rfe1 Be8 22. Bc3 b6 23. a4 Qb7 24. Rac1 b5 25. axb5 Bxb5 26. Ba5 1/2-1/2

[Event "3FoglarGM_A"]
[Site "?"]
[Date "2007.??.??"]
[Round "?"]
[White "Staniszewski, Jerzy"]
[Black "Standke, Wolfgang"]
[Result "1/2-1/2"]
[WhiteElo "2400"]
[BlackElo "2523"]
[PlyCount "124"]
[EventDate "2007.??.??"]

1. e4 c5 2. Nf3 Nc6 3. d4 cxd4 4. Nxd4 Nf6 5. Nc3 e5 6. Ndb5 d6 7. Bg5 a6 8.
Na3 b5 9. Nd5 Be7 10. Bxf6 Bxf6 11. c3 O-O 12. Nc2 Bg5 13. a4 bxa4 14. Rxa4 a5
15. Bc4 Rb8 16. b3 Kh8 17. O-O g6 18. Qe2 Bd7 19. Raa1 Bh6 20. Rfd1 f5 21. exf5
gxf5 22. Na3 Rg8 23. Nb5 Rg6 24. g3 Qf8 25. Ra2 f4 26. Bd3 Rg7 27. Qe1 Bg4 28.
Be2 Bxe2 29. Qxe2 Qf5 30. Nxd6 Qe6 31. Ne4 Rg6 32. Rb2 Rf8 33. Nb6 f3 34. Qd3
Qh3 35. Qf1 Qh4 36. Re1 Rf5 37. Kh1 Qg4 38. Nd5 Bf8 39. Rd2 Rh6 40. Qg1 Ne7 41.
Nxe7 Bxe7 42. Rd5 Rfh5 43. Nd2 Qe6 44. c4 Bb4 45. Nxf3 Bxe1 46. Qxe1 e4 47.
Rxh5 Rxh5 48. Nd2 Re5 49. Nf1 a4 50. bxa4 Qxc4 51. Qa1 Kg8 52. Ne3 Qc7 53. Ng4
Re6 54. h4 h5 55. Nf6+ Kh8 56. Nxh5+ Qe5 57. Qd1 e3 58. fxe3 Qxe3 59. Kg2 Qe2+
60. Qxe2 Rxe2+ 61. Kf3 Ra2 62. g4 Rxa4 1/2-1/2

[Event "3FoglarGM_A"]
[Site "?"]
[Date "2007.??.??"]
[Round "?"]
[White "Conttegnie, Francis"]
[Black "Morais, Gustavo"]
[Result "1-0"]
[WhiteElo "2398"]
[BlackElo "2376"]
[PlyCount "99"]
[EventDate "2007.??.??"]

1. d4 Nf6 2. c4 e6 3. g3 d5 4. Bg2 dxc4 5. Nf3 c5 6. O-O Nc6 7. Ne5 Bd7 8. Na3
cxd4 9. Naxc4 Bc5 10. Qb3 O-O 11. Bf4 Qc8 12. Nd3 Be7 13. Nd6 Bxd6 14. Bxd6 Rd8
15. Rac1 Be8 16. Be7 Rd7 17. Bxf6 gxf6 18. Qd1 f5 19. Qd2 Qd8 20. Bxc6 bxc6 21.
Rxc6 Rd5 22. Rc2 Bb5 23. Rfc1 Rb8 24. b3 Kg7 25. Rc7 a5 26. Ra7 a4 27. Rcc7 Rd7
28. Rxd7 Bxd7 29. Nc5 Bc8 30. Qf4 Rb5 31. Qe5+ Kg6 32. h4 h5 33. bxa4 Rb1+ 34.
Kh2 f6 35. Qc7 Qxc7 36. Rxc7 Rb8 37. a5 Ra8 38. a6 Bxa6 39. Nxe6 Re8 40. Nf4+
Kh6 41. Rc2 Bb5 42. Rb2 Re5 43. a3 Be8 44. Rb6 Ra5 45. Rxf6+ Kg7 46. Rd6 Bf7
47. Rxd4 Rxa3 48. Rd6 Ra4 49. Kg2 Ra2 50. Kf3 1-0

[Event "3FoglarGM_A"]
[Site "?"]
[Date "2007.??.??"]
[Round "?"]
[White "Bortolin, Bruno"]
[Black "Daubenfeld, Nico"]
[Result "1/2-1/2"]
[WhiteElo "2398"]
[BlackElo "2400"]
[PlyCount "118"]
[EventDate "2007.??.??"]

1. d4 Nf6 2. c4 e6 3. Nf3 b6 4. a3 Ba6 5. Qc2 Bb7 6. Nc3 c5 7. e4 cxd4 8. Nxd4
Nc6 9. Nxc6 Bxc6 10. Bf4 Nh5 11. Be3 Qb8 12. O-O-O Bc5 13. Qe2 Bxe3+ 14. Qxe3
Qf4 15. Qxf4 Nxf4 16. g3 Nh5 17. Bd3 Nf6 18. Rhe1 d6 19. Bc2 O-O-O 20. h3 Kc7
21. f4 Rhe8 22. b4 e5 23. Kd2 exf4 24. gxf4 g6 25. Re3 Rd7 26. Rde1 Rde7 27. a4
Nh5 28. f5 g5 29. Rg1 h6 30. h4 Rg8 31. Nb5+ Bxb5 32. axb5 Nf6 33. hxg5 hxg5
34. Kd3 g4 35. Kd4 Rh8 36. Bd3 Ree8 37. Bf1 Rh2 38. Bg2 Nd7 39. Ra3 Kb8 40. Rg3
Ne5 41. Rc1 Kb7 42. c5 dxc5+ 43. bxc5 bxc5+ 44. Rxc5 f6 45. Rd5 Rc8 46. Rc5
Rxc5 47. Kxc5 Kc7 48. Kd5 Kd7 49. Kc5 Ke7 50. Kd5 Rh8 51. Ra3 Rd8+ 52. Kc5 Rd7
53. Bf1 Kd8 54. Be2 Rd2 55. Bxg4 Nxg4 56. Rxa7 Ne5 57. Rh7 Kc8 58. Rg7 Rd3 59.
Rh7 Rd1 1/2-1/2

[Event "3FoglarGM_A"]
[Site "?"]
[Date "2007.??.??"]
[Round "?"]
[White "Bortolin, Bruno"]
[Black "Bures, Jilji"]
[Result "1/2-1/2"]
[WhiteElo "2398"]
[BlackElo "2451"]
[PlyCount "109"]
[EventDate "2007.??.??"]

1. d4 d5 2. c4 e6 3. Nc3 Nf6 4. Nf3 c6 5. Qd3 b6 6. b3 Nbd7 7. g3 Bd6 8. Bg2
O-O 9. O-O Ba6 10. Rd1 Qc7 11. Bb2 Rfd8 12. Nd2 Rac8 13. Rac1 e5 14. e3 e4 15.
Qe2 Nf8 16. f3 exf3 17. Qxf3 Qe7 18. cxd5 Nxd5 19. e4 Nxc3 20. Qxc3 Be2 21. Re1
Bb4 22. Qe3 Bg4 23. h3 Be6 24. Qf2 Ng6 25. Rf1 Rf8 26. Nc4 f5 27. Qe2 f4 28. a3
Bd6 29. Nxd6 Qxd6 30. Qd3 fxg3 31. Qc3 Rxf1+ 32. Rxf1 Rc7 33. e5 Qd8 34. Qxg3
c5 35. dxc5 Rxc5 36. Be4 Qd2 37. Bxg6 hxg6 38. Qxg6 Bxb3 39. Qe8+ Kh7 40. Qh5+
Qh6 41. Qxh6+ Kxh6 42. Rc1 Be6 43. Kg2 Rb5 44. Ba1 Kg6 45. Rc7 a5 46. Bd4 Rb3
47. Rc3 a4 48. h4 Kf5 49. Rxb3 axb3 50. Kf3 g6 51. Ke3 b5 52. Kd3 Kg4 53. Bf2
Kf4 54. Kc3 Kxe5 55. Be3 1/2-1/2

[Event "3FoglarGM_A"]
[Site "?"]
[Date "2007.??.??"]
[Round "?"]
[White "Bures, Jilji"]
[Black "Staniszewski, Jerzy"]
[Result "1/2-1/2"]
[WhiteElo "2451"]
[BlackElo "2400"]
[PlyCount "55"]
[EventDate "2007.??.??"]

1. e4 e5 2. Nf3 Nc6 3. Bb5 a6 4. Ba4 Nf6 5. O-O Be7 6. Re1 b5 7. Bb3 d6 8. c3
O-O 9. h3 Bb7 10. d4 Re8 11. Nbd2 Bf8 12. Bc2 Nb8 13. a4 Nbd7 14. Bd3 c6 15.
Qc2 g6 16. b3 Bg7 17. Bb2 Qb6 18. c4 exd4 19. cxb5 axb5 20. axb5 c5 21. Rxa8
Bxa8 22. b4 Qb8 23. Ba3 Bf8 24. Qb3 Qc7 25. Qc2 Qb8 26. Rb1 Bb7 27. Bb2 Rc8 28.
bxc5 1/2-1/2

[Event "3FoglarGM_A"]
[Site "?"]
[Date "2007.??.??"]
[Round "?"]
[White "Mrkvicka, Josef"]
[Black "Bortolin, Bruno"]
[Result "1/2-1/2"]
[WhiteElo "2488"]
[BlackElo "2398"]
[PlyCount "95"]
[EventDate "2007.??.??"]

1. e4 Nf6 2. e5 Nd5 3. d4 d6 4. Nf3 dxe5 5. Nxe5 Nd7 6. Nf3 e6 7. c4 N5f6 8.
Be2 Bb4+ 9. Nc3 O-O 10. O-O c5 11. a3 Bxc3 12. bxc3 b6 13. Bf4 Bb7 14. Re1 Ne4
15. Qc1 Ndf6 16. h3 Rc8 17. Qb2 Qe7 18. Bd3 Nh5 19. Be3 Nd6 20. Qe2 h6 21. Ne5
Qh4 22. Qg4 Qxg4 23. hxg4 Nf6 24. f3 Rfd8 25. dxc5 bxc5 26. g5 Nd7 27. Nxd7
Rxd7 28. gxh6 Ba6 29. Rad1 gxh6 30. Bf1 f6 31. Rd2 Rc6 32. Red1 Kf7 33. Bxh6
Ke7 34. g4 Rb7 35. Rh2 Bxc4 36. Bf4 Bxf1 37. Bxd6+ Rxd6 38. Rh7+ Kf8 39. Rxd6
Rxh7 40. Kxf1 Ke7 41. Rc6 Rh1+ 42. Ke2 Ra1 43. Rc7+ Kd6 44. Rxa7 Rc1 45. Kd2
Rf1 46. Rf7 Rxf3 47. g5 f5 48. g6 1/2-1/2

[Event "3FoglarGM_A"]
[Site "?"]
[Date "2007.??.??"]
[Round "?"]
[White "Mrkvicka, Josef"]
[Black "Standke, Wolfgang"]
[Result "0-1"]
[WhiteElo "2488"]
[BlackElo "2523"]
[PlyCount "82"]
[EventDate "2007.??.??"]

1. e4 c5 2. Nf3 Nc6 3. d4 cxd4 4. Nxd4 Nf6 5. Nc3 e5 6. Ndb5 d6 7. Nd5 Nxd5 8.
exd5 Nb8 9. Qf3 a6 10. Qa3 Be7 11. Bg5 f6 12. Bd2 O-O 13. Ba5 b6 14. Bb4 Qd7
15. O-O-O Rd8 16. Bd2 Qb7 17. Nc3 b5 18. Qb4 Bd7 19. Bd3 f5 20. Qb3 Rc8 21.
Rhe1 b4 22. f3 a5 23. Na4 Na6 24. Be3 Bf6 25. Kb1 Rab8 26. g3 Kh8 27. Re2 e4
28. fxe4 fxe4 29. Bxe4 Bg4 30. Rde1 Bxe2 31. Rxe2 Nc7 32. Nb6 Rf8 33. Kc1 Rbe8
34. Qd3 a4 35. Bg2 a3 36. b3 Rf7 37. Nc4 Nb5 38. Kd2 Rfe7 39. Bf3 Qd7 40. Rf2
Nc3 41. Bh5 Ne4+ 0-1

[Event "3FoglarGM_A"]
[Site "?"]
[Date "2007.??.??"]
[Round "?"]
[White "Morais, Gustavo"]
[Black "Henrich, Gunter"]
[Result "1/2-1/2"]
[WhiteElo "2376"]
[BlackElo "2398"]
[PlyCount "60"]
[EventDate "2007.??.??"]

1. e4 c5 2. Nf3 d6 3. d4 cxd4 4. Nxd4 Nf6 5. Nc3 a6 6. Rg1 b5 7. g4 Bb7 8. Bg2
e6 9. g5 Nfd7 10. a3 Nc6 11. f4 Qc7 12. h4 Rc8 13. h5 Nb6 14. Nxc6 Qxc6 15. f5
Qc5 16. Rf1 exf5 17. Qe2 Qc4 18. Qe3 Rc5 19. Rxf5 Be7 20. Rxc5 Qxc5 21. Nd5
Nxd5 22. exd5 Qxc2 23. Bd2 Qc5 24. Rc1 Qxe3+ 25. Bxe3 Bd8 26. Bf4 g6 27. h6 f6
28. Bxd6 fxg5 29. Kf2 Kf7 30. Kg1 Bb6+ 1/2-1/2

[Event "3FoglarGM_A"]
[Site "?"]
[Date "2007.??.??"]
[Round "?"]
[White "Horvath, Alexander"]
[Black "Bures, Jilji"]
[Result "1/2-1/2"]
[WhiteElo "2421"]
[BlackElo "2451"]
[PlyCount "98"]
[EventDate "2007.??.??"]

1. e4 c5 2. Nf3 Nc6 3. Nc3 e5 4. Bc4 Be7 5. d3 d6 6. O-O Nf6 7. Ng5 O-O 8. f4
Nd4 9. f5 Bd7 10. a4 a6 11. Nf3 b5 12. Ba2 Bc6 13. Bg5 Rb8 14. axb5 axb5 15.
Nxd4 exd4 16. Nd5 Nxd5 17. Bxd5 Bxd5 18. Bxe7 Qxe7 19. f6 gxf6 20. Qg4+ Kh8 21.
exd5 Rg8 22. Qf4 Rg6 23. Rfe1 Qd7 24. Kh1 b4 25. h3 Kg7 26. b3 Rg8 27. Re2 Rg5
28. Rf1 Qd8 29. Qf3 Kf8 30. Ra1 R8g6 31. Ra7 h6 32. Kg1 Kg7 33. h4 Re5 34. Rxe5
dxe5 35. h5 Rg5 36. Ra6 f5 37. d6 Qd7 38. Qc6 Qxc6 39. Rxc6 Kf6 40. Rxc5 Rg8
41. d7 Rd8 42. Rc6+ Kg5 43. Rd6 Kxh5 44. Rf6 Kg5 45. Rxf7 h5 46. Re7 Kf6 47.
Rh7 Ke6 48. Rh6+ Kxd7 49. Rf6 Rc8 1/2-1/2

[Event "3FoglarGM_A"]
[Site "?"]
[Date "2007.??.??"]
[Round "?"]
[White "Bures, Jilji"]
[Black "Mrkvicka, Josef"]
[Result "1/2-1/2"]
[WhiteElo "2451"]
[BlackElo "2488"]
[PlyCount "62"]
[EventDate "2007.??.??"]

1. e4 e6 2. d4 d5 3. exd5 exd5 4. Bd3 c5 5. dxc5 Bxc5 6. Nf3 Nf6 7. O-O O-O 8.
Nc3 Be6 9. Bg5 Nc6 10. Qd2 Re8 11. Rfe1 h6 12. Bh4 Be7 13. a3 a6 14. Rad1 Rc8
15. h3 Qc7 16. Bg3 Qb6 17. b4 Nh5 18. Bh2 Bf8 19. b5 axb5 20. Nxb5 Qd8 21. Nfd4
Nxd4 22. Nxd4 Bd7 23. Rxe8 Qxe8 24. Re1 Qd8 25. Rb1 Nf6 26. Rxb7 Ne4 27. Bxe4
dxe4 28. Bf4 Bxa3 29. Qe3 Bc5 30. Qxe4 Bxh3 31. c3 Bxd4 1/2-1/2

[Event "3FoglarGM_A"]
[Site "?"]
[Date "2007.??.??"]
[Round "?"]
[White "Horvath, Alexander"]
[Black "Henrich, Gunter"]
[Result "1/2-1/2"]
[WhiteElo "2421"]
[BlackElo "2398"]
[PlyCount "58"]
[EventDate "2007.??.??"]

1. e4 c5 2. Nf3 d6 3. d4 cxd4 4. Nxd4 Nf6 5. Nc3 a6 6. Be3 e6 7. g4 h6 8. Bg2
g5 9. Qe2 Nbd7 10. O-O-O Ne5 11. h3 Nfd7 12. h4 Rg8 13. hxg5 hxg5 14. a4 b6 15.
Nf3 b5 16. Rh7 b4 17. Nxe5 Nxe5 18. Na2 a5 19. Bd4 Ba6 20. Qe1 Qf6 21. Rh3 Bg7
22. f3 Qe7 23. Kb1 Rh8 24. Rxh8+ Bxh8 25. b3 Rc8 26. Qd2 Qc7 27. Rh1 Bf6 28.
Rh6 Ke7 29. Be3 Rg8 1/2-1/2

[Event "3FoglarGM_A"]
[Site "?"]
[Date "2007.??.??"]
[Round "?"]
[White "Mrkvicka, Josef"]
[Black "Poulheim, Karl-Friedrich"]
[Result "1-0"]
[WhiteElo "2488"]
[BlackElo "2404"]
[PlyCount "71"]
[EventDate "2007.??.??"]

1. e4 e6 2. d4 d5 3. Nc3 Bb4 4. e5 Ne7 5. a3 Bxc3+ 6. bxc3 c5 7. Qg4 Qc7 8.
Qxg7 Rg8 9. Qxh7 cxd4 10. Ne2 Nbc6 11. f4 Bd7 12. Qd3 dxc3 13. Rb1 Nf5 14. h3
d4 15. g4 Nh4 16. Qh7 Nf3+ 17. Kf2 O-O-O 18. Kxf3 Nxe5+ 19. fxe5 Bc6+ 20. Kf2
d3 21. cxd3 Rh8 22. Qg7 Bxh1 23. Bg5 c2 24. Rc1 Kb8 25. Bxd8 Rxd8 26. d4 Be4
27. Qg5 Rc8 28. h4 Qc6 29. Qf4 Bd5 30. h5 Rc7 31. Qe3 Rc8 32. h6 a5 33. Nf4 Ba2
34. Bg2 Qb5 35. Be4 Bb1 36. h7 1-0

[Event "3FoglarGM_A"]
[Site "?"]
[Date "2007.??.??"]
[Round "?"]
[White "Sykora, Josef"]
[Black "Vaclav, Juraj"]
[Result "1/2-1/2"]
[WhiteElo "2375"]
[BlackElo "2488"]
[PlyCount "61"]
[EventDate "2007.??.??"]

1. c4 e5 2. Nc3 Nf6 3. Nf3 Nc6 4. g3 Bb4 5. Bg2 O-O 6. O-O e4 7. Ng5 Bxc3 8.
bxc3 Re8 9. Qc2 d5 10. cxd5 Qxd5 11. d3 Bf5 12. Rb1 Bg6 13. dxe4 Nxe4 14. Nxe4
Bxe4 15. Bxe4 Rxe4 16. Qd3 Qe6 17. Rxb7 Rxe2 18. Rxc7 Rxa2 19. Qf3 Rc8 20.
Qxf7+ Qxf7 21. Rxc8+ Qf8 22. Rxf8+ Kxf8 23. Be3 Rc2 24. Rc1 Rxc1+ 25. Bxc1 Ke7
26. Kf1 Ke6 27. Ke2 Kd5 28. Kd3 Ne5+ 29. Kc2 Kc4 30. Be3 a5 31. Bd4 1/2-1/2

[Event "3FoglarGM_A"]
[Site "?"]
[Date "2007.??.??"]
[Round "?"]
[White "Vaclav, Juraj"]
[Black "Horvath, Alexander"]
[Result "1-0"]
[WhiteElo "2488"]
[BlackElo "2421"]
[PlyCount "49"]
[EventDate "2007.??.??"]

1. e4 d5 2. exd5 Qxd5 3. Nc3 Qd6 4. d4 Nf6 5. Nf3 a6 6. g3 Bg4 7. h3 Bh5 8. Bg2
Nc6 9. Bf4 Qb4 10. g4 Bg6 11. Qc1 e6 12. Bxc7 Qe7 13. Bg3 Nb4 14. O-O Nxc2 15.
Rb1 Nb4 16. a3 Nbd5 17. g5 Ne4 18. Ne5 Nexc3 19. bxc3 Bxb1 20. Qxb1 Rd8 21. c4
Nc3 22. Qb2 Qxa3 23. Qxb7 Ne2+ 24. Kh1 Be7 25. Nc6 1-0